| 000 | 01765nam a2200337 4500 | ||
|---|---|---|---|
| 001 | 355 | ||
| 003 | OSt | ||
| 005 | 20250528074019.0 | ||
| 008 | 250401b |||||||e |||| 00| 1 eng d | ||
| 020 | _a9788520914144 | ||
| 040 | _bpor | ||
| 041 |
_hfre _apor |
||
| 082 |
_a843 _bB386m |
||
| 100 | 1 |
_aBeauvoir, Simone de, _d1908-1986 _9738 |
|
| 240 | _aLa femme rompue | ||
| 245 |
_aA mulher Desiludida / _cBeauvoir, Simone de ; Tradução de Helena Silveira e Marya A. Bon Barbosa |
||
| 260 |
_aSão Paulo _bO globo _c2003 |
||
| 300 | _a190 p. | ||
| 490 | 1 |
_aBiblioteca Folha _vvol. 23 |
|
| 520 | _aEm A mulher desiludida, temos a reunião de três contos: “A idade da discrição”, “Monólogo” e “A mulher desiludida”. São três histórias distintas, independentes. Na primeira, um casal de intelectuais de esquerda se vê em conflito com as posições cada vez mais conservadoras do filho, o que se pode ver como prenúncio do choque de gerações de Maio de 68. Na segunda se dá o monólogo de uma mulher angustiada e fora de si, após dois casamentos fracassados e o suicídio da própria filha. A última história trata do desmoronamento da vida de uma mulher abandonada pelo marido e desprezada pelas filhas. Indo do envelhecimento, passando pela solidão e culminando no abandono dos entes queridos, os contos refletem sobre a condição da mulher e seu papel na sociedade. | ||
| 650 | 0 |
_aLiteratura francesa _9122 |
|
| 650 | 0 |
_aClássicos _977 |
|
| 650 | 0 |
_aFeminismo _9516 |
|
| 650 | 0 |
_aHistorias curtas _967 |
|
| 655 | 0 |
_aConto _968 |
|
| 655 | 0 |
_aFicção _922 |
|
| 700 |
_aHelena Silveira _eTradução _d1911- |
||
| 700 |
_aMarya A. Bon Barbosa _eTradução _9740 |
||
| 830 |
_aBiblioteca Folha _vvol. 23 _9734 |
||
| 942 |
_2ddc _n0 _cBK |
||
| 999 |
_c355 _d355 |
||